Knowledge Spillovers in Regional Innovation Systems <a> Case Study of CEE Regions
Gespeichert in:
| Weitere Verfasser: | , , |
|---|---|
| Format: | Buch |
| Sprache: | Englisch |
| Veröffentlicht: |
Cham
Springer
2018
|
| Schriftenreihe: | Advances in Spatial Science
|
| Schlagworte: | |
| Tags: |
Keine Tags, Fügen Sie das erste Tag hinzu!
|
MARC
| LEADER | 00000nam a2200000 4500 | ||
|---|---|---|---|
| 001 | 0243931 | ||
| 005 | 20240221111352.5 | ||
| 020 | |a 978-3-319-67028-7 | ||
| 022 | |a 1430-9602 | ||
| 041 | 0 | |a eng | |
| 044 | |a CH | ||
| 245 | 1 | 0 | |a Knowledge Spillovers in Regional Innovation Systems |b <a> Case Study of CEE Regions |c Editors: Jan Stejskal, Petr Hajek, Oto Hudec |
| 264 | 1 | |a Cham |b Springer |c 2018 | |
| 300 | |a 286 s. | ||
| 490 | 1 | |a Advances in Spatial Science | |
| 830 | 0 | |a Advances in Spatial Science | |
| 610 | 2 | 0 | |a regióny |
| 610 | 2 | 0 | |a politika regionálna |
| 610 | 2 | 0 | |a inovácia |
| 610 | 2 | 0 | |a vedomosti |
| 610 | 2 | 0 | |a rozvoj regionálny |
| 610 | 2 | 0 | |a štúdie prípadové |
| 610 | 2 | 0 | |a investície priame zahraničné |
| 610 | 2 | 0 | |a spolupráca medzinárodná |
| 610 | 2 | 0 | |a SVE |
| 700 | 1 | |a Stejskal, Jan | |
| 700 | 1 | |a Hájek, Petr | |
| 700 | 1 | |a Hudec, Oto | |